000
00276nam a2200109Ia 4500
008
190216s9999||||xx |||||||||||||| ||und||
100
_a
Stephen Son James
245
0
_a
Principles And Practice Of Commercial Correspondence
260
_b
Null
_c
1966
300
_a
303p
942
_c
BK
999
_c
3829
_d
3829